Accounting Information Systems: Essential Concepts and Application. (Record no. 1335)

MARC details
005 - DATE AND TIME OF LATEST TRANSACTION
control field 20250411164942.0
020 ## - INTERNATIONAL STANDARD BOOK NUMBER
International Standard Book Number 0-471-62797-6
082 ## - DEWEY DECIMAL CLASSIFICATION NUMBER
Classification number 657. 028 WIL
100 ## - MAIN ENTRY--PERSONAL NAME
Author name WILKINSON, J. W.
245 ## - TITLE STATEMENT
Title Accounting Information Systems: Essential Concepts and Application.
260 ## - PUBLICATION, DISTRIBUTION, ETC.
Place of publication, distribution, etc. Canada,
Name of publisher, distributor, etc. John Wiley & Sons Inc,
Date of publication, distribution, etc. 1989.
300 ## - PHYSICAL DESCRIPTION
Extent xvi,702p.: Ill.;figures & table
Other physical details Index
Dimensions 23cm.
942 ## - ADDED ENTRY ELEMENTS (KOHA)
Source of classification or shelving scheme Dewey Decimal Classification
Koha item type Books
Holdings
Date last seen Total checkouts Full call number Barcode Cost, replacement price Price effective from Koha item type Lost status Source of classification or shelving scheme Damaged status Not for loan Withdrawn status Home library Current library Shelving location Date acquired Cost, normal purchase price
04/11/2025   657.028 WIL 0000005092 30000.00 04/11/2025 Books   Dewey Decimal Classification       College of Business Education Main Library College of Business Education Main Library General Collection 04/11/2025 10000.00